[Event "32. Open Andorra Hotel St.Gothard "]
[Site "Erts-La Massana AND"]
[Date "2014.07.22"]
[Round "4.17"]
[White "Arngrimsson, Dagur"]
[Black "Sanchez Dengra, Jose Maria"]
[Result "1-0"]
[WhiteElo "2366"]
[BlackElo "2140"]
[PlyCount "207"]
[EventDate "2014.07.19"]
[EventType "swiss"]
[EventRounds "9"]
[EventCountry "AND"]
[Source "lmi"]
[SourceDate "2014.07.19"]

1. Nf3 c5 2. c4 Nc6 3. g3 e5 4. Nc3 g6 5. Bg2 Bg7 6. O-O Nge7 7. d3 O-O 8. a3
d6 9. Rb1 a5 10. Ne1 Be6 11. Nc2 d5 12. cxd5 Nxd5 13. Ne3 Nce7 14. Ne4 Nxe3 15.
Bxe3 b6 16. Nc3 Rc8 17. Qd2 Nf5 18. Rfc1 Nxe3 19. Qxe3 Bb3 20. Bb7 Rc7 21. Ba6
Be6 22. Bc4 Qd4 23. Bxe6 Qxe3 24. fxe3 fxe6 25. Rf1 Rxf1+ 26. Kxf1 Bh6 27. e4
c4 28. Rd1 cxd3 29. exd3 Be3 30. Ke2 Bd4 31. Kd2 Rf7 32. Kc2 Rf2+ 33. Rd2 g5
34. Rxf2 Bxf2 35. g4 Kf7 36. Kb3 Bg1 37. h3 Ke7 38. Ne2 Bf2 39. Kc4 Kd6 40. Kb5
Kc7 41. b3 Kb7 42. Nc3 Bd4 43. Nb1 Be3 44. Nc3 Bd4 45. Ne2 Bf2 46. b4 axb4 47.
axb4 Kc7 48. Nc3 Kb7 49. Nb1 Be3 50. Na3 Bd4 51. Nc4 Kc7 52. Ka6 Kc6 53. b5+
Kc7 54. Ka7 Bc3 55. Ka6 Bd4 56. Nd2 Bc3 57. Nf3 h6 58. Ka7 Bb2 59. Nd2 Bc3 60.
Nc4 Ba1 61. Nd2 Bd4 62. Nf3 Bc3 63. Ka6 Bb2 64. Ne1 Bc3 65. Nc2 Bd2 66. Na1 Bb4
67. Nb3 Bc3 68. Ka7 Bb4 69. Na1 Bc3 70. Nc2 Ba5 71. d4 Kd6 72. Ka6 Bc3 73.
dxe5+ Kxe5 74. Kxb6 Kxe4 75. Kc5 Be5 76. b6 Kf4 77. Nd4 Kg3 78. Nxe6 Kxh3 79.
Nc7 Kxg4 80. Kc6 Bd4 81. b7 Ba7 82. Nb5 Bb8 83. Kd7 h5 84. Kc8 h4 85. Kxb8 h3
86. Ka7 h2 87. b8=Q h1=Q 88. Qc8+ Kg3 89. Qc7+ Kh3 90. Qh7+ Kg2 91. Qe4+ Kg1
92. Qe3+ Kf1 93. Qc1+ Kg2 94. Qxg5+ Kh2 95. Qf4+ Kh3 96. Nd4 Qa1+ 97. Kb6 Qb2+
98. Kc6 Qc3+ 99. Kd5 Qa5+ 100. Ke4 Qe1+ 101. Kf5 Qa5+ 102. Kg6 Qb6+ 103. Kh5
Qb2 104. Qg4+ 1-0

[Event "32. Open Andorra Hotel St.Gothard "]
[Site "Erts-La Massana AND"]
[Date "2014.07.22"]
[Round "4.18"]
[White "Kvisla, Johannes Luangtep"]
[Black "Alvarado Diaz, Alejandro"]
[Result "0-1"]
[WhiteElo "2158"]
[BlackElo "2354"]
[PlyCount "80"]
[EventDate "2014.07.19"]
[EventType "swiss"]
[EventRounds "9"]
[EventCountry "AND"]
[Source "lmi"]
[SourceDate "2014.07.19"]

1. Nf3 Nf6 2. c4 g6 3. b4 Bg7 4. Bb2 O-O 5. g3 a5 6. b5 c6 7. Na3 d5 8. Bg2 e6
9. O-O Bd7 10. d3 cxb5 11. Nxb5 Bxb5 12. cxb5 a4 13. Ba3 Re8 14. Rb1 Nbd7 15.
Qd2 Qb6 16. Rfc1 Ra5 17. Qc2 Rxb5 18. Rxb5 Qxb5 19. Rb1 Qc6 20. Nd4 Qxc2 21.
Nxc2 Rc8 22. Nd4 b6 23. Rb4 Ra8 24. Rb5 Rc8 25. Bh3 Bf8 26. Bxf8 Kxf8 27. Rb4
e5 28. Nf3 Rc2 29. Rxa4 Rxe2 30. Ra7 e4 31. dxe4 dxe4 32. Ng5 Ne5 33. Kf1 Rb2
34. Bg2 e3 35. fxe3 Nfg4 36. Be4 h6 37. Nh3 f5 38. Ba8 Nxe3+ 39. Kg1 N5g4 40.
Nf4 Rb1# 0-1

[Event "32. Open Andorra Hotel St.Gothard "]
[Site "Erts-La Massana AND"]
[Date "2014.07.22"]
[Round "4.19"]
[White "Laclau, Daniel"]
[Black "Grollemund, Bertrand"]
[Result "1-0"]
[WhiteElo "2326"]
[BlackElo "2138"]
[PlyCount "45"]
[EventDate "2014.07.19"]
[EventType "swiss"]
[EventRounds "9"]
[EventCountry "AND"]
[Source "lmi"]
[SourceDate "2014.07.19"]

1. c4 Nf6 2. Nc3 d5 3. cxd5 Nxd5 4. g3 g6 5. Bg2 Nb6 6. d3 Bg7 7. Nf3 O-O 8. h4
h5 9. Bg5 Nc6 10. Qd2 a5 11. Bh6 a4 12. Bxg7 Kxg7 13. Rc1 e5 14. O-O f5 15. Ng5
Rf6 16. Nb5 Bd7 17. Rc5 Be8 18. Rfc1 Nc8 19. f4 exf4 20. Qc3 Qe7 21. Nxc7 Qe3+
22. Kh1 Nd4 23. Nxa8 1-0

[Event "32. Open Andorra Hotel St.Gothard "]
[Site "Erts-La Massana AND"]
[Date "2014.07.22"]
[Round "4.20"]
[White "Boix Moreno, Daniel"]
[Black "Gozzoli, Cyrille"]
[Result "0-1"]
[WhiteElo "2309"]
[BlackElo "2116"]
[PlyCount "118"]
[EventDate "2014.07.19"]
[EventType "swiss"]
[EventRounds "9"]
[EventCountry "AND"]
[Source "lmi"]
[SourceDate "2014.07.19"]

1. e4 d5 2. exd5 Qxd5 3. Nc3 Qa5 4. d4 Nf6 5. Nf3 c6 6. Bd2 Bf5 7. Ne4 Qc7 8.
Nxf6+ gxf6 9. g3 e6 10. Bg2 Nd7 11. O-O Bd6 12. Nh4 Bg6 13. Re1 f5 14. c4 O-O
15. Rc1 c5 16. Bh6 Rfe8 17. b4 cxb4 18. c5 Bf8 19. Bf4 e5 20. c6 bxc6 21. Rxc6
Qa5 22. dxe5 Rad8 23. Nxg6 Nxe5 24. Nxe5 Rxd1 25. Rxd1 Rxe5 26. Bxe5 Qxe5 27.
Rc2 Kg7 28. Bf3 a5 29. Bc6 h5 30. Rd3 h4 31. gxh4 f4 32. Kg2 Be7 33. Rf3 Bxh4
34. h3 Qg5+ 35. Kh2 Qg6 36. Ba4 Qe4 37. Kg2 b3 38. Bxb3 a4 39. Rcc3 axb3 40.
axb3 Bf6 41. Rcd3 Bd4 42. b4 Be3 43. Rdxe3 fxe3 44. fxe3 Qxb4 45. Rf4 Qd2+ 46.
Kf3 Qd1+ 47. Kf2 f5 48. h4 Kg6 49. Rd4 Qc2+ 50. Kf3 Kf6 51. Rf4 Qd1+ 52. Kf2
Qd2+ 53. Kf3 Ke5 54. Rd4 Qe1 55. Rf4 Qf1+ 56. Kg3 Qe2 57. Rf3 Kf6 58. Kf4 Qh2+
59. Rg3 Qf2+ 0-1

[Event "32. Open Andorra Hotel St.Gothard "]
[Site "Erts-La Massana AND"]
[Date "2014.07.23"]
[Round "5.1"]
[White "Granda Zuniga, Julio E"]
[Black "Demuth, Adrien"]
[Result "0-1"]
[WhiteElo "2674"]
[BlackElo "2488"]
[PlyCount "102"]
[EventDate "2014.07.19"]
[EventType "swiss"]
[EventRounds "9"]
[EventCountry "AND"]
[Source "lmi"]
[SourceDate "2014.07.19"]

1. g3 Nf6 2. Bg2 d5 3. d3 c5 4. Bg5 e6 5. c4 d4 6. e4 Nc6 7. Ne2 Be7 8. O-O h6
9. Bc1 g5 10. f4 gxf4 11. gxf4 e5 12. f5 Qd6 13. Na3 a6 14. Kh1 Bd7 15. Bd2 Rb8
16. Bf3 Nb4 17. Be1 h5 18. Rg1 Qc6 19. Ng3 Ng4 20. Nxh5 Ne3 21. Qe2 Kd8 22. Rg7
Be8 23. Bd2 Bf8 24. Rg3 Bh6 25. Rag1 Kc7 26. Bxb4 cxb4 27. Nc2 Nxc2 28. Qxc2
Bd7 29. R1g2 Rh7 30. b3 Rbh8 31. Qe2 Be3 32. f6 Be6 33. Rg8 b5 34. Rxh8 Rxh8
35. cxb5 Qxb5 36. Qd1 Kb6 37. Ng7 Bh3 38. Rc2 Rh6 39. Bg2 Bxg2+ 40. Rxg2 Rxf6
41. Nf5 Rc6 42. Nxe3 dxe3 43. Re2 f5 44. Rxe3 f4 45. Re2 Rc3 46. Qg1+ Qc5 47.
h4 Rxd3 48. Qxc5+ Kxc5 49. h5 Kd4 50. h6 f3 51. Rc2 Rc3 0-1

[Event "32. Open Andorra Hotel St.Gothard "]
[Site "Erts-La Massana AND"]
[Date "2014.07.23"]
[Round "5.3"]
[White "Vovk, Andrey"]
[Black "Mikkelsen, Nikolaj"]
[Result "1-0"]
[WhiteElo "2616"]
[BlackElo "2443"]
[PlyCount "173"]
[EventDate "2014.07.19"]
[EventType "swiss"]
[EventRounds "9"]
[EventCountry "AND"]
[Source "lmi"]
[SourceDate "2014.07.19"]

1. e4 c5 2. Nf3 a6 3. Nc3 e6 4. d4 cxd4 5. Nxd4 d6 6. Be3 b5 7. a3 Bb7 8. f4
Nf6 9. Bd3 Nbd7 10. Qf3 e5 11. Nde2 exf4 12. Qxf4 Be7 13. h3 Ne5 14. O-O-O Rc8
15. Kb1 Nfd7 16. Nd4 Rxc3 17. bxc3 g6 18. Nb3 Qc7 19. Bd4 Bc6 20. g4 h6 21.
Rdf1 Bf8 22. c4 Bg7 23. cxb5 axb5 24. Qd2 O-O 25. Qc3 Rc8 26. Rh2 Nf8 27. Qb4
Ne6 28. Bb2 Ra8 29. Nd4 Ra4 30. Nxe6 fxe6 31. Qe1 Qb7 32. Rhf2 b4 33. Bxe5
bxa3+ 34. Ka2 Bxe5 35. Rf8+ Kg7 36. R1f7+ Qxf7 37. Rxf7+ Kxf7 38. Qf2+ Kg7 39.
Qb6 Be8 40. Bb5 Bxb5 41. Qxb5 Ra7 42. Qe8 Rc7 43. Kxa3 Rxc2 44. Qe7+ Kh8 45.
Qxe6 Kh7 46. Qe7+ Kg8 47. h4 Rf2 48. Kb4 Rf4 49. Kb5 Rf7 50. Qe8+ Kg7 51. h5
gxh5 52. gxh5 Bf6 53. Qe6 Re7 54. Qg4+ Kh8 55. Qg6 Bg7 56. Kc6 Re5 57. Kxd6 Rg5
58. Qf7 Ra5 59. Qd7 Kh7 60. Qe8 Rg5 61. Qf7 Ra5 62. Qg6+ Kh8 63. Qg4 Ra6+ 64.
Kc7 Ra5 65. Kc6 Rg5 66. Qf3 Ra5 67. Qe2 Kh7 68. Kd6 Re5 69. Qc2 Kh8 70. Qe2 Kh7
71. Kd7 Kh8 72. Qf3 Kh7 73. Kd6 Kh8 74. Qg4 Rg5 75. Qc8+ Kh7 76. Ke7 Ra5 77.
Qb8 Rg5 78. Kf7 Bh8 79. Qb6 Rg7+ 80. Kf8 Rg8+ 81. Kf7 Rg7+ 82. Ke6 Rg5 83. Qb1
Bg7 84. Kf7 Be5 85. Qb6 Bh8 86. Qg6+ Rxg6 87. hxg6# 1-0

[Event "32. Open Andorra Hotel St.Gothard "]
[Site "Erts-La Massana AND"]
[Date "2014.07.23"]
[Round "5.4"]
[White "Kogan, Artur"]
[Black "Kantsler, Boris"]
[Result "1/2-1/2"]
[WhiteElo "2548"]
[BlackElo "2429"]
[PlyCount "71"]
[EventDate "2014.07.19"]
[EventType "swiss"]
[EventRounds "9"]
[EventCountry "AND"]
[Source "lmi"]
[SourceDate "2014.07.19"]

1. e4 c5 2. Nf3 e6 3. d4 cxd4 4. Nxd4 a6 5. Nc3 b5 6. Bd3 Bb7 7. O-O Nc6 8.
Nxc6 Bxc6 9. Re1 Qb8 10. a4 b4 11. Nd5 Bd6 12. Qg4 Kf8 13. e5 Bxd5 14. exd6
Qxd6 15. Bf4 Qc6 16. Qg3 Ne7 17. Bd6 a5 18. Bb5 Qb7 19. Rad1 Re8 20. Re5 f6 21.
Rexd5 exd5 22. Re1 Qc8 23. Qh3 Kf7 24. Bxd7 Nf5 25. Rxe8 Rxe8 26. Qh5+ g6 27.
Qxh7+ Ng7 28. Bxe8+ Qxe8 29. h4 Qe3 30. Kh2 Qxf2 31. Bg3 Qd4 32. Qh8 Nh5 33.
Qh7+ Ng7 34. Qh8 Nh5 35. Qh7+ Ng7 36. Qh8 1/2-1/2

[Event "32. Open Andorra Hotel St.Gothard "]
[Site "Erts-La Massana AND"]
[Date "2014.07.23"]
[Round "5.5"]
[White "Rios, Cristhian Camilo"]
[Black "Glud, Jakob Vang"]
[Result "1-0"]
[WhiteElo "2421"]
[BlackElo "2538"]
[PlyCount "69"]
[EventDate "2014.07.19"]
[EventType "swiss"]
[EventRounds "9"]
[EventCountry "AND"]
[Source "lmi"]
[SourceDate "2014.07.19"]

1. d4 d5 2. c4 e6 3. Nc3 Be7 4. Nf3 Nf6 5. Bg5 O-O 6. Qc2 Nbd7 7. cxd5 exd5 8.
e3 Re8 9. Bd3 c6 10. h3 Nf8 11. Bf4 Bd6 12. Bxd6 Qxd6 13. O-O-O Be6 14. Kb1
Rac8 15. Rc1 a6 16. Na4 N6d7 17. Nc5 Nxc5 18. dxc5 Qc7 19. Nd4 Bd7 20. g4 g6
21. Rhg1 Qe5 22. Rg3 Kh8 23. f4 Qg7 24. f5 Re5 25. Qf2 Rce8 26. Rf1 g5 27. h4
gxh4 28. Rh3 b6 29. cxb6 c5 30. b7 Rb8 31. f6 Qg5 32. Nf3 Qxe3 33. Nxe5 Qxh3
34. Nxf7+ Kg8 35. Ne5 1-0

[Event "32. Open Andorra Hotel St.Gothard "]
[Site "Erts-La Massana AND"]
[Date "2014.07.23"]
[Round "5.6"]
[White "Gretarsson, Hjorvar Steinn"]
[Black "Nilsen, Joachim Birger"]
[Result "1-0"]
[WhiteElo "2535"]
[BlackElo "2346"]
[PlyCount "65"]
[EventDate "2014.07.19"]
[EventType "swiss"]
[EventRounds "9"]
[EventCountry "AND"]
[Source "lmi"]
[SourceDate "2014.07.19"]

1. d4 Nf6 2. c4 g6 3. Nc3 Bg7 4. e4 d6 5. Bd3 O-O 6. Nge2 Nc6 7. O-O e5 8. d5
Nd4 9. Nxd4 exd4 10. Nb5 Re8 11. Re1 a6 12. Nxd4 Nxd5 13. Nc2 Nf6 14. Bg5 h6
15. Bh4 c6 16. f3 Qc7 17. Ne3 Nh5 18. Qd2 Be5 19. Kh1 Qb6 20. Rab1 a5 21. Bf2
Qb4 22. Qc2 a4 23. g3 Bh3 24. Red1 Qa5 25. c5 Be6 26. Nc4 Bxc4 27. Bxc4 dxc5
28. Rd7 Red8 29. Rxf7 Kh8 30. Be1 Qb6 31. f4 Bg7 32. g4 Nf6 33. e5 1-0

[Event "32. Open Andorra Hotel St.Gothard "]
[Site "Erts-La Massana AND"]
[Date "2014.07.23"]
[Round "5.7"]
[White "Jolly, Jean-Francois"]
[Black "Gozzoli, Yannick"]
[Result "0-1"]
[WhiteElo "2376"]
[BlackElo "2529"]
[PlyCount "66"]
[EventDate "2014.07.19"]
[EventType "swiss"]
[EventRounds "9"]
[EventCountry "AND"]
[Source "lmi"]
[SourceDate "2014.07.19"]

1. e4 e5 2. Nf3 Nc6 3. Bb5 a6 4. Ba4 Nf6 5. O-O Be7 6. Re1 b5 7. Bb3 O-O 8. h3
Bb7 9. d3 d5 10. exd5 Nxd5 11. Nbd2 Qd7 12. Nxe5 Nxe5 13. Rxe5 Nf4 14. Nf3 Nxg2
15. Kxg2 a5 16. c4 Ra6 17. d4 Rg6+ 18. Kh2 Rf6 19. Re3 Bd6+ 20. Kg2 Rg6+ 21.
Kf1 Qxh3+ 22. Ke2 Rg2 23. Bd2 Bg3 24. Be1 Bf4 25. d5 Bxe3 26. Kxe3 Re8+ 27. Kd2
Qh6+ 28. Kd3 Bc8 29. Nd4 Qg6+ 30. Kd2 Qg5+ 31. Kd3 Bf5+ 32. Nxf5 Qxf5+ 33. Kd2
Rxf2+ 0-1

[Event "32. Open Andorra Hotel St.Gothard "]
[Site "Erts-La Massana AND"]
[Date "2014.07.23"]
[Round "5.8"]
[White "Narciso Dublan, Marc"]
[Black "Barbot, Pierre"]
[Result "1-0"]
[WhiteElo "2523"]
[BlackElo "2411"]
[PlyCount "65"]
[EventDate "2014.07.19"]
[EventType "swiss"]
[EventRounds "9"]
[EventCountry "AND"]
[Source "lmi"]
[SourceDate "2014.07.19"]

1. e4 c5 2. Nc3 Nc6 3. g3 g6 4. Bg2 Bg7 5. d3 d6 6. Be3 Rb8 7. Qd2 b5 8. Nge2
b4 9. Nd1 e5 10. O-O Nge7 11. Bh6 O-O 12. Bxg7 Kxg7 13. Ne3 Be6 14. f4 exf4 15.
Rxf4 Qd7 16. Raf1 d5 17. exd5 Nxd5 18. Nxd5 Bxd5 19. Rh4 Rh8 20. Qh6+ Kg8 21.
Nf4 Bxg2 22. Nxg2 Re8 23. Ne3 f5 24. Nxf5 Rf8 25. Ne3 Rxf1+ 26. Kxf1 Qg7 27.
Qg5 Ne5 28. Re4 Qf7+ 29. Rf4 Qe6 30. Rf6 Qe8 31. Nf5 h6 32. Nxh6+ Kh7 33. Nf7
1-0

[Event "32. Open Andorra Hotel St.Gothard "]
[Site "Erts-La Massana AND"]
[Date "2014.07.23"]
[Round "5.9"]
[White "Rodriguez Rueda, Paula Andrea"]
[Black "Arizmendi Martinez, Julen Luis"]
[Result "1/2-1/2"]
[WhiteElo "2244"]
[BlackElo "2553"]
[PlyCount "229"]
[EventDate "2014.07.19"]
[EventType "swiss"]
[EventRounds "9"]
[EventCountry "AND"]
[Source "lmi"]
[SourceDate "2014.07.19"]

1. d4 d6 2. Nf3 g6 3. g3 Bg7 4. Bg2 f5 5. O-O Nf6 6. c4 O-O 7. Nc3 c6 8. b3 Na6
9. Bb2 Bd7 10. Rc1 Re8 11. d5 e5 12. dxe6 Bxe6 13. e3 Qe7 14. Qe2 Rad8 15. Rfd1
Nc5 16. Ng5 Bc8 17. b4 h6 18. Nf3 Nce4 19. b5 Qf7 20. bxc6 bxc6 21. Nd4 Bd7 22.
Nb3 Bc8 23. Nxe4 fxe4 24. Qc2 Bg4 25. Rd2 Bf3 26. Bxf3 exf3 27. Bxf6 Qxf6 28.
Qd1 Qf5 29. Nd4 Bxd4 30. Rxd4 g5 31. g4 Qf6 32. h3 Re5 33. Rb1 Rd7 34. Qa4 d5
35. Qa6 Rf7 36. Rb8+ Kg7 37. Qc8 Kg6 38. cxd5 Rxd5 39. Qg8+ Qg7 40. Rxd5 cxd5
41. Qxg7+ Kxg7 42. Rd8 Rb7 43. Rxd5 Rb1+ 44. Kh2 Rb2 45. Rd7+ Kg6 46. Rxa7
Rxf2+ 47. Kg3 Rg2+ 48. Kxf3 Rh2 49. Ra6+ Kg7 50. Kg3 Re2 51. Ra3 h5 52. Ra7+
Kh6 53. Ra6+ Kh7 54. gxh5 Rxe3+ 55. Kg4 Re5 56. a4 Rc5 57. a5 Rb5 58. h6 Rc5
59. Kh5 g4+ 60. Kxg4 Rd5 61. Kf4 Rc5 62. Ke4 Rb5 63. Kd4 Rg5 64. Kc4 Rf5 65.
Kb4 Rf4+ 66. Kc5 Rf5+ 67. Kb6 Rf6+ 68. Kb7 Rf7+ 69. Kc8 Rf8+ 70. Kd7 Rf5 71.
Ra8 Rd5+ 72. Kc6 Rf5 73. a6 Rf6+ 74. Kb5 Rf5+ 75. Kc4 Rf6 76. Kb5 Rf5+ 77. Kc6
Rf6+ 78. Kd7 Rb6 79. Kc8 Rf6 80. Kd7 Rb6 81. Ra7 Kxh6 82. Ke8 Rf6 83. Kd8 Kg6
84. Ke8 Rc6 85. h4 Kh6 86. Kf8 Rc8+ 87. Kf7 Rc6 88. Ra8 Kh7 89. Ke7 Kg7 90. h5
Rb6 91. Kd8 Rf6 92. Kd7 Rf7+ 93. Ke6 Rf6+ 94. Ke5 Rb6 95. Ra7+ Kh6 96. Kd5 Rf6
97. Ra8 Kg7 98. Ke4 Rb6 99. Kf4 Rb4+ 100. Ke3 Rb6 101. Kd4 Rf6 102. Kc4 Rf4+
103. Kd5 Rf5+ 104. Ke4 Rf6 105. a7 Ra6 106. h6+ Kh7 107. Kd3 Ra5 108. Kc4 Ra1
109. Kb3 Ra6 110. Kb4 Ra1 111. Kb5 Rb1+ 112. Kc6 Rc1+ 113. Kb5 Rb1+ 114. Kc6
Rc1+ 115. Kb6 1/2-1/2

[Event "32. Open Andorra Hotel St.Gothard "]
[Site "Erts-La Massana AND"]
[Date "2014.07.23"]
[Round "5.10"]
[White "Salles, Louis"]
[Black "Comas Fabrego, Lluis"]
[Result "0-1"]
[WhiteElo "2224"]
[BlackElo "2512"]
[PlyCount "98"]
[EventDate "2014.07.19"]
[EventType "swiss"]
[EventRounds "9"]
[EventCountry "AND"]
[Source "lmi"]
[SourceDate "2014.07.19"]

1. e4 Nf6 2. e5 Nd5 3. d4 d6 4. Nf3 Nb6 5. c4 g6 6. Nc3 Bg4 7. exd6 cxd6 8. h3
Bxf3 9. Qxf3 Nc6 10. Be3 Bg7 11. Rd1 O-O 12. Be2 e6 13. O-O d5 14. c5 Nc8 15.
a3 N8e7 16. g4 f5 17. Qg3 f4 18. Bxf4 Nxd4 19. Be5 Bxe5 20. Qxe5 Nec6 21. Qe3
Qf6 22. f4 Rae8 23. Rf2 Qg7 24. Bf1 g5 25. Bg2 gxf4 26. Rxf4 Rxf4 27. Qxf4 Rf8
28. Qe3 h5 29. Ne2 Nxe2+ 30. Qxe2 Rf6 31. Rf1 Nd4 32. Qd1 Rxf1+ 33. Kxf1 hxg4
34. hxg4 Qf8+ 35. Kg1 Qxc5 36. Kh1 Nc6 37. Qd2 Qd4 38. Qg5+ Qg7 39. Qe3 Qe5 40.
Qd3 Kg7 41. Qb5 Qc7 42. Qc5 Qe7 43. Qf2 Qf6 44. Qe3 Qh6+ 45. Qh3 Qxh3+ 46. Bxh3
Kg6 47. Kg2 Kg5 48. Kf3 Ne5+ 49. Kg3 Nc4 0-1

[Event "32. Open Andorra Hotel St.Gothard "]
[Site "Erts-La Massana AND"]
[Date "2014.07.23"]
[Round "5.11"]
[White "Zumsande, Martin"]
[Black "Trigo Urquijo, Sergio"]
[Result "1/2-1/2"]
[WhiteElo "2430"]
[BlackElo "2245"]
[PlyCount "49"]
[EventDate "2014.07.19"]
[EventType "swiss"]
[EventRounds "9"]
[EventCountry "AND"]
[Source "lmi"]
[SourceDate "2014.07.19"]

1. e4 e5 2. Nf3 Nc6 3. d4 exd4 4. Nxd4 Nf6 5. Nxc6 bxc6 6. e5 Qe7 7. Qe2 Nd5 8.
c4 Ba6 9. b3 g6 10. Bb2 Bg7 11. g3 O-O 12. Bg2 Rae8 13. O-O Bxe5 14. Qxe5 Qxe5
15. Bxe5 Rxe5 16. cxd5 Bxf1 17. Kxf1 cxd5 18. Nc3 c6 19. Rc1 Rfe8 20. Bf3 Kf8
21. Na4 Ke7 22. Rc5 Kd6 23. Ra5 Re1+ 24. Kg2 Rb8 25. Nb2 1/2-1/2

[Event "32. Open Andorra Hotel St.Gothard "]
[Site "Erts-La Massana AND"]
[Date "2014.07.23"]
[Round "5.12"]
[White "Sjodahl, Pontus"]
[Black "Sanchez Jerez, Emilio Miguel"]
[Result "1-0"]
[WhiteElo "2423"]
[BlackElo "2237"]
[PlyCount "139"]
[EventDate "2014.07.19"]
[EventType "swiss"]
[EventRounds "9"]
[EventCountry "AND"]
[Source "lmi"]
[SourceDate "2014.07.19"]

1. d4 g6 2. c4 Bg7 3. e4 d6 4. Nc3 Nf6 5. f3 O-O 6. Be3 Nc6 7. Nge2 a6 8. Qd2
Na5 9. Nc1 Nd7 10. Nb3 c5 11. Be2 Nxb3 12. axb3 cxd4 13. Bxd4 Bxd4 14. Qxd4 Nc5
15. Ra3 e5 16. Qe3 Ne6 17. O-O Nd4 18. Bd3 Be6 19. Ne2 Nxe2+ 20. Bxe2 Qc7 21.
b4 a5 22. Rfa1 b6 23. b3 Ra7 24. bxa5 Rxa5 25. Rxa5 bxa5 26. Bd1 Rb8 27. h3 Kg7
28. Kh2 h5 29. Ra3 Rb4 30. Be2 h4 31. Bd1 f6 32. Ra2 g5 33. Rd2 Kf7 34. Kg1 Ke7
35. Ra2 Bd7 36. Kf2 a4 37. bxa4 Rxc4 38. a5 Rc3 39. Qb6 Qc4 40. Rd2 Rd3 41.
Rxd3 Qxd3 42. Be2 Qc2 43. a6 Bc6 44. a7 Kd7 45. Qa5 Bb7 46. Ke1 Qc1+ 47. Bd1
Qe3+ 48. Be2 Qc1+ 49. Kf2 Qc2 50. a8=Q Bxa8 51. Qa7+ Qc7 52. Qxa8 Qc5+ 53. Ke1
Qc1+ 54. Bd1 Qc3+ 55. Ke2 Qb2+ 56. Kd3 Qd4+ 57. Kc2 Qc4+ 58. Kb1 Qb4+ 59. Kc1
Qc3+ 60. Bc2 Qe1+ 61. Kb2 Qb4+ 62. Ka2 Qc4+ 63. Bb3 Qe2+ 64. Ka3 Qxg2 65. Ba4+
Kc7 66. Qa7+ Kc8 67. Qd7+ Kb8 68. Qxd6+ Ka7 69. Bc6 Qxf3+ 70. Kb4 1-0

[Event "32. Open Andorra Hotel St.Gothard "]
[Site "Erts-La Massana AND"]
[Date "2014.07.23"]
[Round "5.13"]
[White "Silva Rodriguez, Fernando"]
[Black "Jerez Perez, Alfonso"]
[Result "0-1"]
[WhiteElo "2202"]
[BlackElo "2374"]
[PlyCount "74"]
[EventDate "2014.07.19"]
[EventType "swiss"]
[EventRounds "9"]
[EventCountry "AND"]
[Source "lmi"]
[SourceDate "2014.07.19"]

1. d4 Nf6 2. c4 g6 3. Nc3 d5 4. Nf3 Bg7 5. Qb3 dxc4 6. Qxc4 O-O 7. e4 Nc6 8.
Be2 Bg4 9. Be3 Bxf3 10. gxf3 e5 11. dxe5 Nxe5 12. Qb3 Nh5 13. Nd5 c6 14. Nf4
Nxf4 15. Bxf4 Qe7 16. O-O g5 17. Bg3 Ng6 18. Rfd1 Rfd8 19. Qc2 h5 20. h3 h4 21.
Bh2 Be5 22. Bf1 Bxh2+ 23. Kxh2 Rd6 24. Kg2 Rad8 25. Rxd6 Qxd6 26. Qa4 a6 27.
Qa5 Qe7 28. Rc1 Kg7 29. Rc5 f6 30. Qc3 Kh6 31. Rf5 Rd6 32. Qe3 Re6 33. Rc5 Qd8
34. Rc1 Rd6 35. Qb3 Rd2 36. Qc3 Qd6 37. a3 Qg3+ 0-1

[Event "32. Open Andorra Hotel St.Gothard "]
[Site "Erts-La Massana AND"]
[Date "2014.07.23"]
[Round "5.14"]
[White "Midoux, Sebastien"]
[Black "Franco Valencia, Angela"]
[Result "1-0"]
[WhiteElo "2374"]
[BlackElo "2208"]
[PlyCount "109"]
[EventDate "2014.07.19"]
[EventType "swiss"]
[EventRounds "9"]
[EventCountry "AND"]
[Source "lmi"]
[SourceDate "2014.07.19"]

1. e4 c5 2. c3 Nf6 3. e5 Nd5 4. Nf3 Nc6 5. d4 cxd4 6. Bc4 Nb6 7. Bb3 d5 8. exd6
Qxd6 9. O-O Be6 10. Na3 dxc3 11. Qe2 Bxb3 12. axb3 e6 13. bxc3 Be7 14. Rd1 Qb8
15. g3 Bf6 16. Bf4 e5 17. Re1 O-O 18. Nxe5 Bxe5 19. Bxe5 Nxe5 20. Qxe5 Qxe5 21.
Rxe5 Rfe8 22. Rxe8+ Rxe8 23. Nc2 a6 24. Rd1 g6 25. Rd6 Re6 26. Rd8+ Kg7 27. c4
Re7 28. Ne3 Rd7 29. Rb8 Rc7 30. Rd8 Rd7 31. Re8 Rc7 32. g4 h6 33. h4 f6 34. h5
Kf7 35. Rh8 Kg7 36. Rd8 Rd7 37. Re8 Kf7 38. Rb8 Rc7 39. Rh8 Kg7 40. Rd8 Rc8 41.
Rd4 a5 42. Kg2 Rc5 43. Kg3 a4 44. bxa4 gxh5 45. a5 Rxa5 46. Rd6 Nc8 47. Rd7+
Kg6 48. gxh5+ Rxh5 49. Nd5 Re5 50. f4 Re4 51. c5 Rc4 52. Rc7 Na7 53. f5+ Kh5
54. Rg7 Nc6 55. Nxf6# 1-0

[Event "32. Open Andorra Hotel St.Gothard "]
[Site "Erts-La Massana AND"]
[Date "2014.07.23"]
[Round "5.15"]
[White "Rivera, Ingris"]
[Black "Arngrimsson, Dagur"]
[Result "0-1"]
[WhiteElo "2190"]
[BlackElo "2366"]
[PlyCount "66"]
[EventDate "2014.07.19"]
[EventType "swiss"]
[EventRounds "9"]
[EventCountry "AND"]
[Source "lmi"]
[SourceDate "2014.07.19"]

1. d4 d5 2. c4 e6 3. Nc3 c6 4. e3 Nf6 5. Nf3 Nbd7 6. Qc2 Be7 7. Bd3 O-O 8. O-O
b6 9. e4 dxe4 10. Nxe4 Bb7 11. Ne5 h6 12. Be3 Qc7 13. Nxd7 Nxd7 14. f4 f5 15.
Nd2 Nf6 16. h3 c5 17. Nb3 Ne4 18. dxc5 bxc5 19. Nd2 Ng3 20. Rf2 Rad8 21. Rd1
Bd6 22. Nb3 Nh5 23. Bf1 Bxf4 24. Bxc5 Rfe8 25. Rxd8 Rxd8 26. Be2 Bh2+ 27. Kf1
Ng3+ 28. Ke1 Ne4 29. Bxa7 Bg3 30. Bf3 Nxf2 31. Bxf2 Bxf3 32. gxf3 Bxf2+ 33.
Qxf2 Qxc4 0-1

[Event "32. Open Andorra Hotel St.Gothard "]
[Site "Erts-La Massana AND"]
[Date "2014.07.23"]
[Round "5.16"]
[White "Alvarado Diaz, Alejandro"]
[Black "Hagen, Anders Gjerdrum"]
[Result "1/2-1/2"]
[WhiteElo "2354"]
[BlackElo "2203"]
[PlyCount "94"]
[EventDate "2014.07.19"]
[EventType "swiss"]
[EventRounds "9"]
[EventCountry "AND"]
[Source "lmi"]
[SourceDate "2014.07.19"]

1. d4 Nf6 2. c4 e6 3. g3 d5 4. Nf3 Bb4+ 5. Bd2 Be7 6. Bg2 c6 7. Qc2 O-O 8. O-O
b6 9. Rd1 Bb7 10. Bf4 Na6 11. Ne5 Nd7 12. Nd3 Bf6 13. Ne1 Qe7 14. e4 Rfd8 15.
cxd5 cxd5 16. e5 Bg5 17. Bxg5 Qxg5 18. Bf1 Qe7 19. Nc3 Rdc8 20. Rac1 Nc7 21.
Bd3 Nf8 22. Qe2 Ne8 23. f4 Rc7 24. Nf3 Rac8 25. Rf1 a6 26. Rf2 b5 27. Rcf1 b4
28. Nd1 Bc6 29. f5 exf5 30. Bxf5 Bb5 31. Bd3 Rc2 32. Qe3 Rxf2 33. Nxf2 Ne6 34.
Bxb5 axb5 35. Rc1 Rxc1+ 36. Qxc1 Qa7 37. Qd2 Qxa2 38. Qxb4 N8c7 39. Nd1 Qb1 40.
Qd2 h6 41. Kf2 Ng5 42. Nxg5 hxg5 43. Ke2 Qe4+ 44. Qe3 Qc2+ 45. Qd2 Qe4+ 46. Qe3
Qc2+ 47. Qd2 Qe4+ 1/2-1/2

[Event "32. Open Andorra Hotel St.Gothard "]
[Site "Erts-La Massana AND"]
[Date "2014.07.23"]
[Round "5.17"]
[White "Berkovich, Mark A"]
[Black "Archangelsky, Mikhail"]
[Result "1-0"]
[WhiteElo "2339"]
[BlackElo "2177"]
[PlyCount "55"]
[EventDate "2014.07.19"]
[EventType "swiss"]
[EventRounds "9"]
[EventCountry "AND"]
[Source "lmi"]
[SourceDate "2014.07.19"]

1. c4 e5 2. Nc3 Nc6 3. Nf3 f5 4. d4 e4 5. Ng5 h6 6. Nh3 g5 7. d5 Ne5 8. f4 Nf7
9. Be3 g4 10. Nf2 Bg7 11. Qd2 a6 12. O-O-O d6 13. Kb1 h5 14. g3 h4 15. gxh4
Qxh4 16. Rg1 Qf6 17. h3 gxh3 18. Bxh3 Bd7 19. Rg3 O-O-O 20. Rdg1 Bh6 21. Bd4
Qh4 22. e3 Ne7 23. Bxh8 Nxh8 24. Qd4 Kb8 25. Nfxe4 fxe4 26. Bxd7 Nf7 27. Be6
Qh5 28. Qf6 1-0